Guess the Mystery Song from the Lyrics #10 - Statistics

General Stats
  • This quiz has been taken 23 times
  • The average score is 136 of 291
Answer Stats
Lyrics % Correct
I
100%
L
100%
a
95%
the
95%
ya
90%
you
90%
You
90%
And
85%
and
85%
love
85%
me
85%
no
85%
to
85%
we
85%
be
80%
for
80%
on
80%
can
75%
hear
75%
my
75%
if
70%
it
70%
of
70%
all
65%
go
65%
it's
65%
like
65%
say
65%
Then
65%
your
65%
don't
60%
I'm
60%
in
60%
not
60%
She
60%
Some
60%
Oh
55%
oh
55%
there
55%
at
50%
can't
50%
how
50%
out
50%
time
50%
was
50%
that
45%
way
45%
you're
45%
You're
45%
But
40%
could
40%
Give
40%
just
40%
now
40%
think
40%
too
40%
won't
40%
baby
35%
by
35%
Every
35%
every
35%
know
35%
Ooh
35%
ooh
35%
would
35%
always
30%
come
30%
control
30%
down
30%
make
30%
right
30%
telling
30%
back
25%
Even
25%
Or
25%
wanna
25%
bad
20%
big
20%
easy
20%
gotta
20%
much
20%
things
20%
Thinking
20%
turn
20%
you'll
20%
alone
15%
around
15%
left
15%
Looking
15%
lose
15%
place
15%
reason
15%
Someone
15%
Ay
10%
ay
10%
Calling
10%
face
10%
felt
10%
keep
10%
quits
10%
risk
10%
scared
10%
Screaming
10%
took
10%
trust
10%
tryna
10%
check
5%
Crash
5%
cruise
5%
dust
5%
Fighting
5%
grip
5%
keeping
5%
leaving
5%
losing
5%
Needless
5%
nevertheless
5%
party
5%
refuse
5%
ride
5%
sideways
5%
stuck
5%
sunflower
5%
Sunflower - Post Malone & Swae Lee
5%
tilt
5%
trip
5%
unknown
5%
Unless
5%
walking
5%
Wish
5%
wreck
5%
No matching quizzes found
Score Distribution
Percent of People with Each Score
Percentile by Number Answered
Your Score History
You have not taken this quiz